Normal view
MARC view
- Huseyin, Arslan
Entry Personal Name
001 - CONTROL NUMBER
- control field: 97113
003 - CONTROL NUMBER IDENTIFIER
- control field: NUST
005 - DATE AND TIME OF LATEST TRANSACTION
- control field: 20220815102244.0
008 - FIXED-LENGTH DATA ELEMENTS
- fixed length control field: 220815|| aca||aabn | a|a d
040 ## - CATALOGING SOURCE
- Original cataloging agency: NUST
- Transcribing agency: NUST
100 ## - HEADING--PERSONAL NAME
- Personal name: Huseyin, Arslan
670 ## - SOURCE DATA FOUND
- Source citation: Work cat.: (NUST)190467: Huseyin, Arslan, Cognitive Radio, Software Defined Radio, and Adaptive Wireless Systems /, 2007.
